Sports Quiz

Random Sports Quiz

Sao Paulo Squad 2012 Quiz Stats

 Plays Quiz not verified by Sporcle

Challenge
Share
Tweet
Embed
Score 0/32 Timer 08:00
0 Plays Today
Number/Position Player % Correct
01 - GoalkeeperRogerio Ceni
97.8%
09 - StrikerLuis Fabiano
94.4%
22 - GoalkeeperDenis
91%
10 - Central midfielderJadson
86.5%
15 - Central midfielderDenilson
85.4%
08 - Central midfielderGanso
84.3%
07 - StrikerLucas
84.3%
6 - Left backCortez
82%
31 - Right backLucas Farias
79.8%
03 - Center backToloi
79.8%
05 - Central midfielderWellington
79.8%
17 - StrikerOsvaldo
79.8%
13 - Center backPaulo Miranda
76.4%
23 - Right backDouglas
74.2%
14 - Center backEdson Silva
74.2%
Head CoachNey Franco
71.9%
Number/Position Player % Correct
12 - Central midfielderPaulo Assuncao
70.8%
04 - Center backRhodolfo
69.7%
19 - StrikerWillian Jose
68.5%
40 - GoalkeeperLeo
65.2%
25 - Central midfielderRodrigo Caio
65.2%
11 - StrikerAdemilson
65.2%
18 - Central midfielderMaicon
60.7%
21 - Center backJoao Filipe
51.7%
26 - Left backHenrique
49.4%
28 - Central midfielderCasemiro
49.4%
36 - Central midfielderJoao Schmidt
48.3%
41 - GoalkeeperLeonardo
47.2%
16 - Central midfielderCicero
44.9%
20 - Central midfielderCanete
44.9%
Fabricio
42.7%
30 - Center backLuiz Eduardo
40.4%

You're not logged in!

Compare scores with friends on all Sporcle quizzes.
OR
Log In

You Might Also Like...

Show Comments

Extras

Created Oct 23, 2012ReportNominate
Tags:2012, paulo, player, são, squad

Top Quizzes Today


Score Distribution

Your Account Isn't Verified!

In order to create a playlist on Sporcle, you need to verify the email address you used during registration. Go to your Sporcle Settings to finish the process.

Report this User

Report this user for behavior that violates our Community Guidelines.

Details: